000 00529nam a2200193Ia 4500
005 20250508150501.0
008 008 250505s9999 xx 000 0 eng d
037 _aTextual
040 _aFEDL
_beng
_cFEDL
041 _aeng
_2eng
084 _a021.6, FAI
_qFEDL
100 _aFair Ethel M
_944422
245 0 _aCountrywide library service
260 _aChicago
_bAmerican Library Association
_c1934
300 _a208p.
650 _aLibrary Science
942 _cTEXL
_h021.6, FAI
999 _c1323853
_d1323853